| 000 | 01632pam a2200457 i 4500 | ||
|---|---|---|---|
| 999 |
_c29451 _d29422 |
||
| 001 | 016038856 | ||
| 003 | EG-ScBUE | ||
| 005 | 20210922095329.0 | ||
| 006 | m||||fq||h 00| 0 | ||
| 008 | 120227t2012 maua f 000 0 eng d | ||
| 020 | _a9780307944689 (paperback) : | ||
| 020 | _a9780307944689 (CD) | ||
| 040 |
_aStDuBDS _beng _erda _cStDuBDS _dUk _dEG-ScBUE |
||
| 082 | 0 | 4 |
_a428.0076 _bPIE _223 |
| 100 | 1 |
_aPierce, Douglas _d1883- _eauthor. |
|
| 245 | 0 | 0 |
_aCracking the TOEFL® iBT / _cDouglas Pierce and Sean Kinsell ; editor, Calvin Cato. |
| 246 | 3 | 4 | _aCracking the TOEFL® iBT, 2013. |
| 246 | 1 | 8 | _aTOEFL® iBT |
| 250 | _a2013 edition. | ||
| 264 | 1 |
_aFramingham, MA : _bThe Princeton Review, Inc., _c[2012] |
|
| 264 | 4 | _cc2012 | |
| 300 |
_aviii, 542 pages : _billustrations (black and white) ; _c28 cm + _e1 CD |
||
| 336 |
_atext _2rdacontent _btxt |
||
| 336 |
_asounds _bsnd _2rdacontent |
||
| 337 |
_aunmediated _2rdamedia _bn |
||
| 337 |
_aaudio _2rdamedia _bn |
||
| 338 |
_avolume _2rdacarrier _bnc |
||
| 338 |
_acomputer disc _2rdacarrier _bcd |
||
| 500 | _aAt head of title: "The Princeton Review®". | ||
| 500 | _aCD includes audio exercises. | ||
| 500 |
_aFormerly CIP. _5Uk |
||
| 650 | 7 |
_aTest of English as a Foreign Language _vStudy guides. _2BUEsh |
|
| 650 | 7 |
_aEnglish language _vTextbooks for foreign speakers. _2BUEsh |
|
| 650 | 7 |
_aEnglish language _xExaminations _vStudy guides. _2BUEsh |
|
| 653 | 7 |
_aBUEsh _bGGEN _cSeptember2021 _dBestSellers |
|
| 655 | 7 |
_2BUEsh _vReading book _934232 |
|
| 700 | 1 |
_aKinsell, Sean, _eauthor. |
|
| 700 | 1 |
_aCato, Calvin, _eeditor. |
|
| 942 |
_2ddc _cBB |
||